000 00269 a2200145 4500
001 61415
020 _a
040 _cAnchieta - Pituba
240 1 0 _aMatemática
_lpor
245 1 0 _aMatemática
300 _a
362 0 _a0
650 4 _aMatemática
942 _cBK
999 _c61415
_d61415